| 000 | 00826nam a2200229Ia 4500 | ||
|---|---|---|---|
| 001 | 15794 | ||
| 003 | GE_BSU | ||
| 008 | 181216s||||||||xx |||||||||||||| ||und|| | ||
| 020 | _a978-99940-69-44-6 | ||
| 040 | _cGE_BSU | ||
| 100 | _aჭილაძე, ო. (ოთარ, 1933-2009) | ||
| 245 | _aწათეს წითელი წაღები | ||
| 245 | _bლაბირინთი : პიესები | ||
| 245 | _cრედ. მანანა ბალიაშვილი ; მხატვ. გია ცხადაია | ||
| 260 | _aთბილისი | ||
| 260 | _bპეგასი | ||
| 260 | _c2007 | ||
| 300 | _a190 გვ. ; 21 სმ | ||
| 653 | _aლაბირინთი : პიესები | ||
| 653 | _aწათეს წითელი წაღები | ||
| 942 | _cBK | ||
| 999 |
_c48891 _d48891 |
||